Heat and mass transfer (Record no. 5861)

000 -LEADER
fixed length control field 00529nam a2200205 4500
001 - CONTROL NUMBER
control field 5861
003 - CONTROL NUMBER IDENTIFIER
control field BD-DhUET
008 - FIXED-LENGTH DATA ELEMENTS--GENERAL INFORMATION
fixed length control field 700409m19679999is a b 000 0 eng
040 ## - CATALOGING SOURCE
Original cataloging agency DLC
Transcribing agency DLC
Modifying agency BD-DhUET
082 00 - DEWEY DECIMAL CLASSIFICATION NUMBER
Classification number 621.011
Item number ECK/1959
100 ## - MAIN ENTRY--PERSONAL NAME
Personal name Eckert, R. R. G.
245 00 - TITLE STATEMENT
Title Heat and mass transfer
250 ## - EDITION STATEMENT
Edition statement 2nd ed.
260 ## - PUBLICATION, DISTRIBUTION, ETC. (IMPRINT)
Place of publication, distribution, etc. New York
Name of publisher, distributor, etc. McGraw-Hill
Date of publication, distribution, etc. 1959
300 ## - PHYSICAL DESCRIPTION
Extent xiv, 530p.
490 1# - SERIES STATEMENT
Series statement McGraw-Hill series in mechanical engineering
650 #0 - SUBJECT ADDED ENTRY--TOPICAL TERM
Topical term or geographic name as entry element Heat-Transmission
700 ## - ADDED ENTRY--PERSONAL NAME
Personal name Drake, Robert M.
942 ## - ADDED ENTRY ELEMENTS (KOHA)
Koha item type General Book
Holdings
Withdrawn status Sublocation or collection (holding branch) Date acquired Koha date last borrowed Damaged status Koha full call number Copy number Piece designation (barcode) Price effective from Shelving location Koha date last seen Koha issues (times borrowed) Source of classification or shelving scheme Koha normalized classification for sorting Location (home branch) Lost status Not for loan Koha item type
 Central Library, BUET2014-11-29  621.011/ECK/1959 366682014-11-29Circulation section2014-11-29  621_011000000000000_ECK_1959Central Library, BUET  General Book
 Central Library, BUET2014-12-03  621.011/ECK/19592148842014-12-03Circulation section2014-12-03  621_000000000000000_011ECK1959Central Library, BUET  General Book
 Central Library, BUET2015-04-12  621.011/ECK/19593113022015-04-12Circulation section2015-04-12  621_011000000000000_ECK_1959Central Library, BUET  General Book
 Central Library, BUET2015-04-12  621.011/ECK/19594312762015-04-12Circulation section2015-04-12  621_011000000000000_ECK_1959Central Library, BUET  General Book
 Central Library, BUET2015-04-12  621.011/ECK/19595312742015-04-12Circulation section2015-04-12  621_011000000000000_ECK_1959Central Library, BUET  General Book
 Central Library, BUET2015-04-12  621.011/ECK/19596312712015-04-12Circulation section2015-04-12  621_011000000000000_ECK_1959Central Library, BUET  General Book
 Central Library, BUET2015-04-12  621.011/ECK/19597312722015-04-12Circulation section2015-04-12  621_011000000000000_ECK_1959Central Library, BUET  General Book
 Central Library, BUET2015-04-132020-03-02 621.011/ECK/19598312772015-04-13Circulation section2021-11-281 621_011000000000000_ECK_1959Central Library, BUET  General Book
 Central Library, BUET2015-04-13  621.011/ECK/19599113012015-04-13Circulation section2015-04-13  621_011000000000000_ECK_1959Central Library, BUET  General Book
 Central Library, BUET2015-04-13  621.011/ECK/195910113032015-04-13Circulation section2015-04-13  621_011000000000000_ECK_1959Central Library, BUET  General Book
 Central Library, BUET2015-04-13  621.011/ECK/195911246252015-04-13Circulation section2015-04-13  621_011000000000000_ECK_1959Central Library, BUET  General Book
 Central Library, BUET2015-04-13  621.011/ECK/19591276522015-04-13Circulation section2015-04-13  621_011000000000000_ECK_1959Central Library, BUET  General Book
 Central Library, BUET2015-04-13  621.011/ECK/195913243202015-04-13Circulation section2015-04-13  621_011000000000000_ECK_1959Central Library, BUET  General Book
 Central Library, BUET2015-04-13  621.011/ECK/195914249762015-04-13Circulation section2015-04-13  621_011000000000000_ECK_1959Central Library, BUET  General Book
 Central Library, BUET2015-04-13  621.011/ECK/195915312752015-04-13Circulation section2015-04-13  621_011000000000000_ECK_1959Central Library, BUET  General Book
 Central Library, BUET2015-06-16  621.011/ECK/19591676552015-06-16Reading section2015-06-16  621_011000000000000_ECK_1959Central Library, BUET  General Book